书目信息 |
| 题名: |
图象工程 上:图象处理和分析
|
|
| 作者: | 章毓晋 编著 | |
| 分册: | 上 图象处理和分析 | |
| 出版信息: | 北京 清华大学出版社 1999.03 |
|
| 页数: | 291页 | |
| 开本: | 26cm | |
| 丛书名: | ||
| 单 册: | ||
| 中图分类: | TP391.41 | |
| 科图分类: | ||
| 主题词: | 计算机应用 | |
| 电子资源: | ||
| ISBN: | 7-302-03343-9 | |
| 000 | 00667nam0 2200205 45 | |
| 001 | 0430379372 | |
| 005 | 2004042908261923 | |
| 010 | @a7-302-03343-9@dCNY 20.00 | |
| 100 | @a20040429d1999 km y0chiy0120 ea | |
| 101 | 0 | @achi |
| 102 | @aCN@b110000 | |
| 200 | 1 | @a图象工程 上:图象处理和分析@ATu Xiang Gong Cheng Shang:Tu Xiang Chu Li He Fen Xi@f章毓晋编著@FZhang Yu Jin Bian Zhu@h上@i图象处理和分析 |
| 210 | @a北京@c清华大学出版社@d1999.03 | |
| 215 | @a291页@d26cm | |
| 517 | @a图象处理和分析@ATu Xiang Chu Li He Fen Xi | |
| 606 | 0 | @a计算机应用 |
| 690 | @aTP391.41@v3 | |
| 701 | 0 | @a章毓晋@AZhang Yu Jin@4编著 |
| 801 | 0 | @aCN@bPFT@c20040429 |
| 905 | @dTP391.41@eZ232:1 | |
| 图象工程 上:图象处理和分析/章毓晋编著.上.图象处理和分析.-北京:清华大学出版社,1999.03 |
| 291页;26cm |
| ISBN 7-302-03343-9:CNY 20.00 |
| ● |
| 相关链接 |
|
|
|
正题名:图象工程 上:图象处理和分析
索取号:TP391.41/Z232:1
 
预约/预借
| 序号 | 登录号 | 条形码 | 馆藏地/架位号 | 状态 | 备注 |
| 1 | 381919 | 203819190 | 自科库301/404自科库 14排5列1层/ [索取号:TP391.41/Z232:1] | 在馆 | |
| 2 | 381920 | 203819207 | 自科库301/301自科库 68排4列2层/ [索取号:TP391.41/Z232:1] | 在馆 | |
| 3 | 381921 | 203819216 | 自科库301/301自科库 68排4列2层/ [索取号:TP391.41/Z232:1] | 在馆 |